000 00736nam a2200241Ia 4500
003 OSt
005 20220923222932.0
006 a|||||r|||| 00| 0
007 ta
008 220922b |||||||| |||| 00| 0 hin d
024 _a208,840
037 _cTextual
040 _aARTS
_cARTS
_bhin
041 _2hin
_ahin
082 _aO152,3N471x, L8
100 _aउनियाल, सुरेश
245 0 _aयह कल्पनालोक नहीं
246 _aYah kalpanālok nahīan
260 _aनई दिल्ली
_b सचिन प्रका0
_c1988
300 _a143पृ.
_ccm.
942 _hO152,3N471x, L8
_cTEXL
_2CC
999 _c359427
_d359427